[Event "Provincial-ch Xixona Preferente"]
[Site "Xixona"]
[Date "2014.09.27"]
[Round "1.2"]
[White "Cordoba Cardona, Jose Vicente"]
[Black "Ballester Pomata, Miguel Angel"]
[Result "0-1"]
[WhiteElo "1454"]
[BlackElo "1857"]
[PlyCount "120"]
[EventDate "2014.09.27"]
[EventType "swiss"]
[EventRounds "7"]
[EventCountry "ESP"]
[SourceTitle "EXT 2024"]
[Source "ChessBase"]
[SourceDate "2023.10.10"]
[SourceVersion "1"]
[SourceVersionDate "2023.10.10"]
[SourceQuality "1"]

1. e4 e6 2. Nf3 d5 3. exd5 exd5 4. g3 Nf6 5. Bg2 Bd6 6. d3 0-0 7. Nbd2 Re8+ 8. Kf1 Bg4 9. h3 Bd7 10. b3 Na6 11. Bb2 c6 12. c4 Rc8 13. Qc2 Bf5 14. Qc3 Bb4 15. Qd4 c5 16. Qf4 Bxd3+ 17. Kg1 d4 18. Ne5 Bxd2 19. Qxd2 Be4 20. Bxe4 Nxe4 21. Qf4 Qc7 22. Nd3 Nf6 23. Qxc7 Rxc7 24. Kg2 Re2 25. Rae1 Rce7 26. Ba3 b6 27. Rxe2 Rxe2 28. Nf4 Re8 29. Rd1 g5 30. Nd3 Re2 31. Bb2 Nd7 32. a3 Ne5 33. Bc1 Nxd3 34. Rxd3 f6 35. Kf3 Re6 36. Bd2 Kf7 37. b4 Nb8 38. h4 Nc6 39. Kg2 Ne5 40. Rb3 Nxc4 41. Bc1 Re1 42. Bb2 Re2 43. hxg5 Rxb2 44. Rf3 cxb4 45. axb4 Ne3+ 46. Kh3 Nd5 47. gxf6 Rxb4 48. g4 Rc4 49. Rf5 Rc5 50. Kh4 Nxf6 51. Rf4 Kg6 52. Rxd4 Rd5 53. Ra4 a5 54. f4 h6 55. f5+ Kg7 56. Rc4 b5 57. Rc7+ Rd7 58. Rc5 Rb7 59. g5 hxg5+ 60. Kxg5 a4 0-1

[Event "ESP-ch Seniors 11th"]
[Site "Alicante"]
[Date "2013.10.??"]
[Round "3.10"]
[White "Leiros Vila, Avelino"]
[Black "Ballester Pomata, Miguel Angel"]
[Result "1-0"]
[WhiteElo "2156"]
[BlackElo "1828"]
[PlyCount "77"]
[EventDate "2013.10.05"]
[EventType "swiss"]
[EventRounds "9"]
[EventCountry "ESP"]
[SourceTitle "EXT 2024"]
[Source "ChessBase"]
[SourceDate "2023.10.10"]
[SourceVersion "1"]
[SourceVersionDate "2023.10.10"]
[SourceQuality "1"]

1. c4 d5 2. g3 Nf6 3. Bg2 e6 4. Nf3 Be7 5. 0-0 0-0 6. b3 Nc6 7. d4 Re8 8. Bb2 h6 9. Nbd2 b6 10. Ne5 Bb7 11. Rc1 Nxe5 12. dxe5 Nh7 13. Qc2 c6 14. Rfd1 Rc8 15. Ne4 f5 16. exf6 Bxf6 17. Nxf6+ Nxf6 18. e4 Qe7 19. exd5 cxd5 20. Re1 dxc4 21. Bxf6 gxf6 22. Qg6+ Kf8 23. Qxh6+ Kg8 24. Qg6+ Kf8 25. Bxb7 Qxb7 26. Qxf6+ Qf7 27. Qh6+ Ke7 28. bxc4 Rc5 29. Re4 Rf5 30. Rce1 Rf6 31. Qe3 Kf8 32. c5 bxc5 33. Qxc5+ Re7 34. f4 Rf5 35. Qc4 Rf6 36. Re5 Rc7 37. Qb4+ Re7 38. Rc1 Kg7 39. Ra1 1-0